Scottish Building Federation (Record no. 120705)

MARC details
000 -LEADER
fixed length control field 00718cai a22001815a 4500
001 - CONTROL NUMBER
control field E145389
008 - FIXED-LENGTH DATA ELEMENTS--GENERAL INFORMATION
fixed length control field 081002u xxk g 000 0 eng d
035 ## - SYSTEM CONTROL NUMBER
System control number (Sirsi) u145389
041 0# - LANGUAGE CODE
Language code of text/sound track or separate title eng
110 2# - MAIN ENTRY--CORPORATE NAME
Corporate name or jurisdiction name as entry element Scottish Building Federation
9 (RLIN) 5621
245 00 - TITLE STATEMENT
Title Scottish Building Federation
520 ## - SUMMARY, ETC.
Summary, etc. Website of the Scottish Building Federation. Provides access to codes of good practice and good conduct, a 'find a builder' service, and press releases and news stories relating to the construction sector.
590 ## - LOCAL NOTE (RLIN)
Local note KA
651 #4 - SUBJECT ADDED ENTRY--GEOGRAPHIC NAME
Geographic name Scotland
Chronological subdivision 1999-
690 ## - LOCAL SUBJECT ADDED ENTRY--TOPICAL TERM (OCLC, RLIN)
Topical term or geographic name as entry element BUILT ENVIRONMENT
856 40 - ELECTRONIC LOCATION AND ACCESS
Uniform Resource Identifier <a href="https://www.scottish-building.co.uk">https://www.scottish-building.co.uk</a>
Public note View the website free of charge at www.scottish-building.co.uk...
942 ## - ADDED ENTRY ELEMENTS (KOHA)
Suppress in OPAC 0
Holdings
Withdrawn status Lost status Source of classification or shelving scheme Damaged status Not for loan Home library Current library Shelving location Date acquired Total Checkouts Full call number Barcode Date last seen Copy number Price effective from Koha item type
    Dewey Decimal Classification     Virtual Virtual Online 02/10/2008   WEBSITE 145389-2001 06/08/2019 1 06/08/2019 Online material